01321nas a2200265Ia 4500001001100000003000900011008004100020040001300061040001300074041001200087100004700099210001400146222001400160245015500174250001100329260003600340501008600376300002000462362002700482500026000509650003900769942000700808999001900815952022100834R703/E4935IT-RoPAU151124c99999999xx |||||||||||| ||und|| aIT-RoPAU cIT-RoPAU aINGLESE aCosenza GiovannagCodice Aut. SPICS: 31043 aSEMIOTICA aSemiotica aSEMIOTICA, VOL. 114-N.1/2 (1997)bGrice, Augustine, And Aristotle: Understandind Ancient Semiotica Thought In Order To Understand Contemporary Thought a1a ed. aBERLINbMOUTON DE GRUYTERc1997 bPaulus - SPICS - Società San Paolo EM (non-commercial uses only)cCopyright2015 a18 p. [151-168] aVOL. 114, N.1/2 (1997) aGrice, Agostino e Aristotele: Comprendere il Pensiero Semiotico Antico Percapire Quello Contemporaneo. Distinzione di Aristotele tra Segni Naturali e Simboli Convenzionali. Distinzione di Agostino tra Segni Naturali e Segnielaborati. Distinzione di Grice  aSEMIOTICAvPUBBLICAZIONE PERIODICA cCR c181084d181084 0010406R_703_000000000000000_E493571aSPICSbSPICSd2015-11-25l0oR703/E4935r2015-11-25 00:00:00w2015-11-25yCRzProgr. Ins: 89227 / Copia rara: NO / date import: 25.11.2015 / By Epidotti, Trombetti, Vaglietti